| 000 | 01680nam a2200373 a 4500 | ||
|---|---|---|---|
| 001 | BRL_362 | ||
| 005 | 20190320210715.0 | ||
| 008 | 050813s1992----mx-a######---#000-0#spa-# | ||
| 020 | _a9681637100 | ||
| 041 | _aspa | ||
| 044 | _amx | ||
| 050 | 4 |
_aF1219.56.C636 _b.C63 1992 |
|
| 130 | 0 |
_aCodex Vindobonensis Mexicanus 1 _923661 |
|
| 245 | 1 | 0 | _aCódice Vindobonensis Mexicanus I |
| 260 |
_aMadrid _bSociedad Estatal Quinto Centenario _c1992 |
||
| 260 |
_aAustria _bAkademische Druck- und Verlagsanstalt _c1992 |
||
| 260 |
_aMéxico _bFCE _c1992 |
||
| 300 |
_a258 p. _bil. _c23 cm. _e1 facsimil ( p. 1-52 y al reverso I-XIII) + 52 + XIII hojas sueltas del facsimil original |
||
| 440 | 0 |
_aCódices mexicanos _v1 _923662 |
|
| 500 | _aIncluye láminas con ilustraciones y reproducción del codex | ||
| 500 | _aAu340 | ||
| 500 | _aOrigen e historia de los reyes mixtecos : libro explicativo del llamado Códice Vindobonensis : Codex Vindobonensis Mexicanus 1, O¨sterreichische Nationalbibliothek, Viena / introducción y explicación, Ferdinand Anders, Maarten Jansen, Gabina Aurora Pérez Jiménez. At head of title: Ferdinand Anders (Viena), Maarten Jansen (Leiden), Luis Reyes García (México), Comisión Técnica Investigadora. | ||
| 650 | 1 | 4 |
_aMixtecas _xReyes y soberanos _923663 |
| 650 | 1 | 4 |
_aMixtecas _xHistoria _923664 |
| 650 | 1 | 4 |
_aMixtecas _xReligión _923665 |
| 650 | 1 | 4 |
_aMixtecas _xEscritura _923666 |
| 700 | 1 |
_aJansen, Maarten _923667 |
|
| 700 | 1 |
_aReyes García, Luis _99836 |
|
| 700 | 1 |
_aPérez Jiménez, Gabina Aurora _923668 |
|
| 700 | 1 |
_aAnders, Ferdinand _923669 |
|
| 740 | 0 | _aOrigen e Historia de los Reyes Mixtecos | |
| 902 | _aGRL | ||
| 942 |
_2lcc _cB |
||
| 999 |
_c9175 _d9175 |
||